Normal view
MARC view
- Ali ,Mahnoor
Entry Personal Name
001 - CONTROL NUMBER
- control field: 122189
003 - CONTROL NUMBER IDENTIFIER
- control field: NUST
005 - DATE AND TIME OF LATEST TRANSACTION
- control field: 20240325094056.0
008 - FIXED-LENGTH DATA ELEMENTS
- fixed length control field: 240325|| aca||aabn | a|a d
040 ## - CATALOGING SOURCE
- Original cataloging agency: NUST
- Transcribing agency: NUST
100 ## - HEADING--PERSONAL NAME
- Personal name: Ali ,Mahnoor
670 ## - SOURCE DATA FOUND
- Source citation: Work cat.: (NUST): Ali ,Mahnoor , Brain Tumour Image Segmentation Using Deep Networks /
